000
00293nam a2200121Ia 4500
008
190216s9999||||xx |||||||||||||| ||und||
100
_a
"Bennett Co, Myers Je"
245
0
_a
"Momentum, Heat And Mass Transfer"
260
_b
Mcgraw -hill
_c
1983
300
_a
832
650
_a
Heat
942
_c
BK
999
_c
33824
_d
33824